000 00301nam a2200133Ia 4500
005 20251222155146.0
008 251222s9999||||xx |||||||||||||| ||spa||
082 _aLEN. 30
100 _aGARCIA MARQUEZ.
245 0 _aNoticia de un Secuestro
250 _a1ra. ed.
264 _bNorma
942 _cLIB
999 _c39380
_d39380